LDR 01284naa#a2200229#i#450# 001 RU\INFRA-M\bibl\115884 005 20260415043809.3 011 ## _a2500-333X 100 ## _a20260325b2026####ek#y0rusy0150####ca 102 ## _aRU 200 1# _aСоциально-правовые изменения современных школ: социальный запрос и юридические предложения _eЖурнальная статья 210 1# _aМосква _cОбщество с ограниченной ответственностью «Научно-издательский центр ИНФРА-М» _d2026 215 ## _a4 с. 606 ## _aПраво и организация социального обеспечения. 40.02.01 _2local 608 ## _aЖурнальная статья _2local 675 ## _aПраво. Юридические науки. 34 _z 686 ## _aПраво. Юридические науки. 67 _2bbk 686 ## _aГУМАНИТАРНЫЕ НАУКИ. РЕЛИГИЯ. ИСКУССТВО. 8 _2tbk 686 ## _aОБЩЕСТВЕННЫЕ НАУКИ. ЭКОНОМИКА. ПРАВО.. 7 _2tbk 686 ## _aГОСУДАРСТВО И ПРАВО. ЮРИДИЧЕСКИЕ НАУКИ. 10.00 _2grnti 700 #1 _aБреднева _gВ. С. 856 4# _anaukaru.ru _u